España y Norte-América : la guerra actual : antecedentes y consideraciones / R. Monner Sans la guerra actual :
Descripción Física:
141 p. ; 21 cm
MARC
| LEADER | 00000nam a2200000Ia 4500 | ||
|---|---|---|---|
| 001 | 1474 | ||
| 008 | 160829s1898 xx 000 0 cat d | ||
| 080 | |a H-2-217 | ||
| 100 | |a Monner Sans, Ricardo |9 42521 | ||
| 245 | |a España y Norte-América : |b la guerra actual : |b antecedentes y consideraciones / R. Monner Sans | ||
| 260 | |a Buenos Aires : |b (Imp. Lit. y Encuadernación de A. Monkes), |c 1898 | ||
| 300 | |a 141 p. ; |c 21 cm | ||
| 590 | |a Prové de 1950, exp. 3 | ||
| 650 | |a Cuba |x Història |x 1895/1898, Guerra de la Independència |9 46670 | ||
| 901 | |a Arxiu | ||
| 942 | |n 1 | ||
| 952 | |0 0 |1 0 |4 0 |6 H2217 |7 1 |9 53368 |a Arxiu |b Arxiu |d 2016-12-01 |l 0 |o H-2-217 |p 1474 |r 2016-12-01 00:00:00 |w 2016-12-01 |y ARXIU | ||
| 999 | |c 57233 |d 57233 | ||